| 000 | 00884cam a22002295a 4500 | ||
|---|---|---|---|
| 001 | ##L128814 | ||
| 008 | 050216s2004 xxkco g 000 0aeng u | ||
| 020 | _a1841040983 | ||
| 035 | _a(Sirsi) u128814 | ||
| 041 | 0 | _aeng | |
| 050 | 0 | 4 | _a920 $2 18 |
| 100 | 1 |
_aClutton, Rafe _c1929- |
|
| 245 | 0 | 0 |
_aTake one surveyor _ban autobiography by Rafe Clutton, Fellow of the Royal Institution of Chartered Surveyors |
| 260 |
_aStanhope _bThe Memoir Club _c2004 |
||
| 300 |
_axii, 212p. _bill. _c24cm. |
||
| 350 | _a17.50 | ||
| 520 | _aThe autobiography of Rafe Clutton, a sixth generation chartered surveyor. Includes his work as Receiver to the Crown Estate between 1968 and 1993, and for the Church Commissioners, and management of large urban estates. | ||
| 650 | _aBIOGRAPHY | ||
| 651 | 4 | _aUnited Kingdom | |
| 690 | _aABOUT RICS-RICS MEMBERS-CHARTERED SURVEYORS | ||
| 942 |
_n0 _2ddc |
||
| 999 |
_c104020 _d104020 |
||